00318 a2200109 4500001000700000020000600007040001100013100002000024240008000044245007500124362000900199171313 a  cMagnum aAquino, Eduardo10aO que os jovens gostariam de saber e os adultos tem dificuldade de reslpor10aO que os jovens gostariam de saber e os adultos tem dificuldade de res0 a1899